000 00625nam a2200229Ia 4500
003 OSt
005 20220923230452.0
006 a|||||r|||| 00| 0
007 ta
008 Pun
024 _a282,258
037 _cTextual
040 _aARTS
_cARTS
_bPun
041 _2Pun
_aPun
082 _aO153,3N14x, N0
100 _aਭੋਗਲ, ਪਿਆਰਾ ਸਿੰਘ
_9156315
245 0 _aਮੈ੍ਵ ਤੂੰ ਤੇ ਉਹ
260 _c1990
650 _aਪੰਜਾਬੀ ਸਾਹਿਤ
942 _hO153,3N14x, N0
_cTEXL
_2CC
999 _c385025
_d385025